Governors of Michigan - Statistics

General Stats
  • This quiz has been taken 13 times
  • The average score is 14 of 49
Answer Stats
Term Answer % Correct
2019- Gretchen Whitmer
100%
1963-1969 George W. Romney
67%
2011-2019 Rick Snyder
67%
2003-2011 Jennifer Granholm
58%
1991-2003 John Engler
50%
1835-1840 Stevens T. Mason
50%
1969-1983 William Milliken
42%
1983-1991 James Blanchard
33%
1840-1841 William Woodbridge
33%
1901-1905 Aaron T. Bliss
25%
1917-1921 Albert Sleeper
25%
1846-1847 Alpheus Felch
25%
1853-1855 Andrew Parsons
25%
1861-1865 Austin Blair
25%
1887-1891 Cyrus G. Luce
25%
1848-1850 Epaphroditus Ransom
25%
1935-1937 Frank Fitzgerald
25%
1939 Frank Fitzgerald
25%
1905-1911 Fred M. Warner
25%
1927-1931 Fred W. Green
25%
1949-1961 G. Mennen WIlliams
25%
1943-1947 Harry Kelly
25%
1865-1869 Henry H. Crapo
25%
1869-1873 Henry P. Baldwin
25%
1841-1842 James Wright Gordon
25%
1873-1877 John J. Bagley
25%
1842-1846 John S. Barry
25%
1850-1852 John S. Barry
25%
1947-1949 Kim Sigler
25%
1855-1859 Kinsley S. Bingham
25%
1939-1941 Luren Dickinson
25%
1859-1861 Moses Wisner
25%
1941-1943 Murray Van Wagoner
25%
1852-1853 Robert McClelland
25%
1885-1887 Russell A. Alger
25%
1933-1935 William Comstock
25%
1847-1848 William L. Greenly
25%
1921-1927 Alex J. Groesbeck
17%
1877-1881 Charles Croswell
17%
1911-1913 Chase Osborn
17%
1881-1883 David Jerome
17%
1891-1893 Edwin B. Winans
17%
1937-1939 Frank Murphy
17%
1897-1901 Hazen S. Pingree
17%
1961-1963 John Swainson
17%
1893-1897 John Treadway Rich
17%
1883-1885 Josiah Begole
17%
1931-1933 Wilber M. Brucker
17%
1913-1917 Woodbridge N. Farris
8%
No matching quizzes found
Score Distribution
Percent of People with Each Score
Percentile by Number Answered
Your Score History
You have not taken this quiz